MARC details
| 000 -CABECERA |
| campo de control de longitud fija |
03072cam a2200301 i 4500 |
| 001 - NÚMERO DE CONTROL |
| campo de control |
991061300433806706 |
| 005 - FECHA Y HORA DE LA ÚLTIMA TRANSACCIÓN |
| campo de control |
20251112164440.0 |
| 008 - DATOS DE LONGITUD FIJA--INFORMACIÓN GENERAL |
| campo de control de longitud fija |
250310e202503 spc 000|f cat|c |
| 015 ## - NÚMERO DE BIBLIOGRAFÍA NACIONAL |
| Número de bibliografía nacional |
LL2025 |
| Fuente |
bnc |
| 017 ## - NÚMERO DE COPYRIGHT O DE DEPÓSITO LEGAL |
| Número de copyright o de depósito legal |
DL B 2256-2025 |
| Agencia que asigna |
Biblioteca de Catalunya |
| 020 ## - NÚMERO INTERNACIONAL ESTÁNDAR DEL LIBRO |
| Número Internacional Estándar del Libro |
9788466433402 |
| 040 ## - FUENTE DE LA CATALOGACIÓN |
| Centro catalogador/agencia de origen |
ES-BaUPC |
| Lengua de catalogación |
English |
| Normas de descripción |
rda |
| Centro/agencia transcriptor |
ES-BaUPC |
| Centro/agencia modificador |
ES-ViU |
| -- |
ES-BaBC |
| 041 ## - CÓDIGO DE LENGUA |
| Código de lengua del texto/banda sonora o título independiente |
cat |
| 100 ## - ENTRADA PRINCIPAL--NOMBRE DE PERSONA |
| Nombre de persona |
Bosch, Xavier |
| Fechas asociadas al nombre |
1967- |
| Término indicativo de función/relación |
author |
| 9 (RLIN) |
26500 |
| 245 10 - MENCIÓN DE TÍTULO |
| Título |
Diagonal Manhattan |
| Mención de responsabilidad, etc. |
/ Xavier Bosch. |
| 250 ## - MENCIÓN DE EDICIÓN |
| Mención de edición |
First edition |
| 260 ## - PUBLICACIÓN, DISTRIBUCIÓN, ETC. |
| Lugar de publicación, distribución, etc. |
Barcelona : |
| Nombre del editor, distribuidor, etc. |
Columna Edicions, |
| Fecha de publicación, distribución, etc. |
2025 |
| 300 ## - DESCRIPCIÓN FÍSICA |
| Extensión |
579 pages; |
| Dimensiones |
24 cm. |
| 490 ## - MENCIÓN DE SERIE |
| Mención de serie |
Clàssica ; |
| Designación de volumen o secuencia |
1497 |
| 520 ## - SUMARIO, ETC. |
| Sumario, etc. |
L’Edda Leveroni rep un regal singular el dia que en fa vint-i-un: una estada d’un any a l’agència de publicitat de la Bianca B. Miller a Nova York. El 1989 l’Edda s’haurà d’obrir camí a Manhattan, en una agència on només treballen dones i en un univers de creativitat i d’anuncis que volen vendre la vida millorada. No pot sospitar, però, en quin món està a punt d’endinsar-se. A Barcelona, el Brauli Leveroni ha sabut convertir una petita agència a Diagonal-Tuset en una de les més exitoses d’una ciutat efervescent. El pare de l’Edda és admirat i envejat per les seves campanyes publicitàries. El Brauli viu a tot gas, adora aquests dies plens d’estímuls, d’eslògans i d’intrigues. Abocat al negoci, encara no ha tingut temps de preguntar-se per la felicitat. En aquesta novel·la pletòrica, Xavier Bosch mostra de nou la seva habilitat narrativa. Ens sedueix amb uns personatges dels quals sempre volem saber més, ens dissecciona la cara oculta del màrqueting més descarnat i ens manté atrapats en una història que ens porta més lluny del que imaginàvem. |
| 520 ## - SUMARIO, ETC. |
| Sumario, etc. |
On her twenty-first birthday, Edda Leveroni receives an unusual gift: a year’s placement at Bianca B. Miller’s advertising agency in New York. In 1989, Edda must find her way in Manhattan, in an agency staffed entirely by women, within a world of creativity and adverts promising an improved life. She cannot yet suspect the world she is about to enter.<br/><br/>In Barcelona, Brauli Leveroni has succeeded in turning a small agency on Diagonal-Tuset into one of the most successful in a vibrant city. Edda’s father is admired and envied for his advertising campaigns. Brauli lives life at full speed; he revels in these days brimming with stimuli, slogans and intrigue. Consumed by business, he has not yet stopped to ask himself what happiness might be.<br/><br/>In this exuberant novel, Xavier Bosch once again demonstrates his narrative skill. He captivates us with characters we always wish to know more about, lays bare the hidden side of the most ruthless marketing, and holds us fast in a story that carries us further than we could have imagined. |
| 650 #0 - PUNTO DE ACCESO ADICIONAL DE MATERIA--TÉRMINO DE MATERIA |
| Término de materia o nombre geográfico como elemento de entrada |
Advertising agencies |
| Subdivisión de forma |
Fiction |
| 650 #0 - PUNTO DE ACCESO ADICIONAL DE MATERIA--TÉRMINO DE MATERIA |
| Término de materia o nombre geográfico como elemento de entrada |
Fathers and daughters |
| Subdivisión de forma |
Fiction |
| 9 (RLIN) |
22885 |
| 650 #0 - PUNTO DE ACCESO ADICIONAL DE MATERIA--TÉRMINO DE MATERIA |
| Término de materia o nombre geográfico como elemento de entrada |
Women in advertising |
| Subdivisión de forma |
Fiction |
| 651 #0 - PUNTO DE ACCESO ADICIONAL DE MATERIA--NOMBRE GEOGRÁFICO |
| Nombre geográfico |
Barcelona (Spain) |
| Subdivisión de forma |
Fiction |
| 651 #0 - PUNTO DE ACCESO ADICIONAL DE MATERIA--NOMBRE GEOGRÁFICO |
| Nombre geográfico |
Manhattan (New York, N.Y.) |
| Subdivisión de forma |
Fiction |
| 942 ## - ELEMENTOS DE ENTRADA AGREGADA (KOHA) |
| Fuente del sistema de clasificación o colocación |
Clasificación de Library of Congress |